000
00228nam a2200097Ia 4500
008
190216s9999||||xx |||||||||||||| ||und||
100
_a
Kadavoor G Chandran Pillai
245
0
_a
Shanthamakatha Kadal
260
_b
Null
942
_c
BK
999
_c
24698
_d
24698